000 00285nam a2200109Ia 4500
008 200302s9999 xx 000 0 und d
100 _aKevin Forseth
245 _aRendering the Visual Field Illusion Becomes Reality
260 _bVan Nostrand Reinhold
260 _c1991
300 _a160 P.,
999 _c894
_d894